00310nam a2200121 450000500170000010000200001724500260003726400370006330000180010033600220011833700240014033800240016420260530113844.01 aDavid E. Carter10aThe Big Book of Logos 1bHearst Books Internationalc1999 a384 páginas atexto2rdacontent asin medio2rdamedia avolumen2rdacarrier